LDR 00555naa#a2200181#i#450# 001 EN\\bibl\116077 005 20260415063730.3 011 ## _a2500-1795 100 ## _a20161125b2016####ek#y0engy0150####ca 101 0# _aRUS 102 ## _aRU 200 1# _aSTUDENT’S INDIVIDUAL WORK AT HIGHER EDUCATIONAL INSTITUTIONS, ITS FUNCTIONS AND TARGETS _eJournal article 210 1# _aNizhnevartovsk _cNizhnevartovsk State University _d2016 215 ## _a5 с. 608 ## _aJournal article _2local 675 ## _a. 81.26 _zRUS 700 #1 _aSharafutdinova _gA I 856 4# _afilvestnik.nvsu.ru _u